000 00291nam a2200121Ia 4500
008 211105s9999 xx 000 0 und d
020 _aVYASA01572
100 _aAkhandananda Saraswathi
245 0 _aBhagavat Vichar
250 _a1st
260 _bSatsahitya prakashan trust
_c\N
300 _a48
999 _c9843
_d9843